Bumi kita
| Format: | Book |
|---|---|
| Published: |
Petaling Jaya ,
Pan Earth , 1995
|
| Series: | Alam sains muda
|
| Subjects: |
MARC
| LEADER | 00000cam a2200000 7i4500 | ||
|---|---|---|---|
| 001 | 0000006266 | ||
| 002 | 000006764 | ||
| 005 | 20000330.0 | ||
| 020 | |a 9837503378 | ||
| 090 | 0 | 0 | |a J 500 |b ALA |
| 245 | 1 | 0 | |a Bumi kita |c penterjemah Fuzaini Sahar |
| 260 | |a Petaling Jaya , |c Pan Earth , |c 1995 | ||
| 300 | |a 124p. : |b ill ; |c 21cm. | ||
| 490 | 0 | |a Alam sains muda | |
| 650 | 0 | 0 | |a Earth |x Juvenile literature |
| 999 | |a 039122 |b BUKU |c PINJAMAN |e PERPUSTAKAAN KOMUNITI PETALING JAYA | ||